00583 2200205 4500001002100000005001500021035002000036007000300056008004100059020002200100082001800122084002400140100003000164245007000194260003800264300003900302650001000341600001400351600001200365INLIS00000000000109120241028093551 a0010-1024000061ta241028 g 0 ind  a978-979-582-249-3 a63 (09) (594) a63 (09) (594) RIZ s0 aRizky Purwantoro Sukiatno1 aSejarah hukum pertanian di Indonesia /cRizky Purwantoro Sukiatno aJakarta :bPertanian Press,c2023 a120 hlm, :bilus, ;c15 cm x 21 cm 4aHukum 4aPertanian 4aSejarah